Advanced inorganic chemistry (Record no. 2836)

000 -LEADER
fixed length control field 00571nam a2200241u 4500
001 - CONTROL NUMBER
control field 2836
003 - CONTROL NUMBER IDENTIFIER
control field BD-DhUET
008 - FIXED-LENGTH DATA ELEMENTS--GENERAL INFORMATION
fixed length control field 890901s1965 ii 000 0 eng
020 ## - INTERNATIONAL STANDARD BOOK NUMBER
International Standard Book Number 8121902630
040 ## - CATALOGING SOURCE
Original cataloging agency DLC
Transcribing agency DLC
Modifying agency BD-DhUET
082 ## - DEWEY DECIMAL CLASSIFICATION NUMBER
Classification number 546
Item number PRA/2000
100 ## - MAIN ENTRY--PERSONAL NAME
Personal name Prakash, Satya
245 00 - TITLE STATEMENT
Title Advanced inorganic chemistry
250 ## - EDITION STATEMENT
Edition statement 1st ed.
260 ## - PUBLICATION, DISTRIBUTION, ETC. (IMPRINT)
Place of publication, distribution, etc. New York
Name of publisher, distributor, etc. S. Chand
Date of publication, distribution, etc. 2000
300 ## - PHYSICAL DESCRIPTION
Extent xvi, 1157p.
Other physical details ill.
500 ## - GENERAL NOTE
General note Vol. I
650 #0 - SUBJECT ADDED ENTRY--TOPICAL TERM
Topical term or geographic name as entry element Chemistry
700 ## - ADDED ENTRY--PERSONAL NAME
Personal name Tuli, G. D.
700 ## - ADDED ENTRY--PERSONAL NAME
Personal name Basu, S. K.
700 ## - ADDED ENTRY--PERSONAL NAME
Personal name Madan, R. D.
942 ## - ADDED ENTRY ELEMENTS (KOHA)
Koha item type General Book
Holdings
Source of classification or shelving scheme Copy number Not for loan Lost status Koha normalized classification for sorting Koha item type Price effective from Koha date last seen Piece designation (barcode) Koha issues (times borrowed) Withdrawn status Koha renewals Shelving location Koha full call number Location (home branch) Koha date last borrowed Damaged status Sublocation or collection (holding branch) Date acquired
 1  546_000000000000000_PRA_2000General Book2014-10-122024-05-26964355 2Circulation section546/PRA/2000Central Library, BUET2024-04-27 Central Library, BUET2014-10-12
 2  546PRA2000General Book2014-11-092020-02-249643312 1Circulation section546/PRA/2000Central Library, BUET2020-02-23 Central Library, BUET2014-11-09
 3  546_000000000000000_PRA_2000Reading Item2015-06-162015-06-1696431   Reading section546/PRA/2000Central Library, BUET  Central Library, BUET2015-06-16
 4  546_000000000000000_PRA_2000General Book2015-12-282019-09-01964346  Circulation section546/PRA/2000Central Library, BUET2019-08-24 Central Library, BUET2015-12-28